| 000 | 00570 a2200217 4500 | ||
|---|---|---|---|
| 999 |
_c13388 _d13388 |
||
| 003 | MIRAKIL | ||
| 005 | 20190705133024.0 | ||
| 008 | 190705b tu ||||| |||| 00| 0 tur d | ||
| 020 | _a9753432232 | ||
| 040 |
_aTR-AnCHP _cTR-AnCHP |
||
| 041 | _atur | ||
| 082 |
_a320.101 _bG74d 1998 |
||
| 100 | 1 | _aGökalp, Hikmet. | |
| 245 | 1 | 0 |
_aDevlet-ulus / _cHikmet Gökalp. |
| 260 |
_aİstanbul : _bKaynak Yayınları, _c1998. |
||
| 300 |
_a173 s. _c19 sm. |
||
| 440 | 0 |
_aKaynak yayınları ; _v250. |
|
| 650 | 0 | _aMilliyetçilik. | |
| 650 | 0 | _aUlus devlet. | |
| 942 |
_2ddc _cBKS |
||